书目信息 |
| 题名: |
速成科技日语阅读手册
|
|
| 作者: | 孙国钦 编著 | |
| 分册: | ||
| 出版信息: | 天津 天津科学技术出版社 1981 |
|
| 页数: | 276页 | |
| 开本: | 19cm | |
| 丛书名: | ||
| 单 册: | ||
| 中图分类: | H369.4 | |
| 科图分类: | ||
| 主题词: | 日语-阅读教学--手册 , 阅读教学-日语--手册 | |
| 电子资源: | ||
| ISBN: | 9212.2 | |
| 000 | 00675nam0 2200241 450 | |
| 001 | 0181005666 | |
| 005 | 20100712220016.0 | |
| 010 | @a9212.2@dCNY0.84 | |
| 091 | @a9212.2 | |
| 100 | @a19950522d1981 em y0chiy0110 ea | |
| 101 | 2 | @achi@ajpn |
| 102 | @aCN@b120000 | |
| 105 | @ay z 000yy | |
| 106 | @ar | |
| 200 | 1 | @a速成科技日语阅读手册@9Su Cheng Ke Ji Ri Yu Yue Dou;Du Shou Ce @f孙国钦编著 |
| 210 | @a天津@c天津科学技术出版社@d1981 | |
| 215 | @a276页@d19cm | |
| 606 | 0 | @a日语-阅读教学@x手册 |
| 606 | 0 | @a阅读教学-日语@x手册 |
| 690 | @aH369.4@v3 | |
| 701 | 0 | @a孙国钦@9sun guo qin@4编著 |
| 801 | 0 | @aCN@bAzMarc@c20130904 |
| 905 | @aBZT@dH369.4@e11@f1@sH369.4/11 | |
| 速成科技日语阅读手册/孙国钦编著.-天津:天津科学技术出版社,1981 |
| 276页;19cm |
| ISBN 9212.2:CNY0.84 |
| ● |
| 相关链接 |
|
|
|
正题名:速成科技日语阅读手册
索取号:H369.4/11
 
预约/预借
| 序号 | 登录号 | 条形码 | 馆藏地/架位号 | 状态 | 备注 |
| 1 | 2000089387 | 2000089387 | 旧书回溯/ [索取号:H369.4/11] | 在馆 |